000 00755nam a2200217Ia 4500
003 GCL
008 140319s9999 xx 000 0 ara d
040 _aGCL /
_cGCL
082 0 4 _a811.009
_bم م
100 1 _aمحمد سعد فشوان
245 1 0 _aمدرسة ابولو الشعرية فى ضوء النقد الحديث /
_cمحمد سعد فشوان
260 _a[S.N] :
_bدار المعارف ،
_c1982
300 _a277 ص
490 _aمكتبة الدراسات الادبية
_v0
650 0 4 _aالادب العربى
650 0 4 _aمدرسة ابولو
650 0 4 _aالادب العربى - تاريخ ونقد
650 0 4 _aالشعر - تاريخ ونقد
650 0 4 _aالشعر - العصر الحديث
942 _2ddc
_cBK
999 _c28739
_d28739